000 00689nam a2200265Ia 4500
005 20260121165948.0
008 008 260114s9999 xx 000 0 eng d
020 _a9783319332055
037 _aEBOOK
040 _aCRL
040 _beng
040 _cCRL
041 _2eng
041 _aeng
084 _qCRL
100 _aWalter Carnielli, Marcelo Esteban Coniglio
_91058124
245 0 _aParaconsistent Logic: Consistency, Contradiction and Negation
260 _bSpringer
260 _bSpringer
260 _c2016
856 _uhttps://link.springer.com/openurl?genre=book&isbn=978-3-319-33205-5
942 _cEBOOK
999 _c1623853
_d1623853